South Northamptonshire DC v Power (Record no. 6561)

MARC details
000 -LEADER
fixed length control field 01523cab a2200193 4500
001 - CONTROL NUMBER
control field ABS38416
008 - FIXED-LENGTH DATA ELEMENTS--GENERAL INFORMATION
fixed length control field 090401t1987 xxu||||| |||| 00| 0 eng d
035 ## - SYSTEM CONTROL NUMBER
System control number (Sirsi) u10409
041 ## - LANGUAGE CODE
Language code of text/sound track or separate title eng
245 ## - TITLE STATEMENT
Title South Northamptonshire DC v Power
260 ## - PUBLICATION, DISTRIBUTION, ETC.
Date of publication, distribution, etc. 1987
350 ## - PRICE (NR) (BK AM CF MU VM SE) [OBSOLETE]
Price 0
490 ## - SERIES STATEMENT
Series statement Weekly Law Reports
Volume/sequential designation (1987) 1 WLR 1433-1442(10)
520 ## - SUMMARY, ETC.
Summary, etc. CA 30 March 1987 After the deceased`s husband`s death she and the defendant started living together in 1982, as husband and wife in the deceased`s matrimonial home which was privately owned. In 1985 the deceased was granted a secure tenancy of premises owned by the local authority (S). The premises were senior citizen`s accommodation for a single person, but the defendant lived there without S`s knowledge. The deceased died nine months after taking up the tenancy, S applied for a possession order on the ground that the defendant was in occupation without S`s licence or consent. Cc held that the defendant was not entitled to remain in occupation as successor to the deceased under Housing Act 1980 s 30 (2) (b) by reason only of the fact that he and the deceased had lived together more than 12 months before the deceased`s death because they had lived elsewhere for part of that time. On appeal, CA held that under s 30 (2) (b) a member of the tenant`s family should have resided with the t
650 ## - SUBJECT ADDED ENTRY--TOPICAL TERM
Topical term or geographic name entry element PROPERTY-RESIDENTIAL PROPERTY-RESIDENTIAL LANDLORD AND TENANT-RESIDENTIAL TENANCIES
690 ## - LOCAL SUBJECT ADDED ENTRY--TOPICAL TERM (OCLC, RLIN)
Topical term or geographic name as entry element HOUSING-CASE LAW
942 ## - ADDED ENTRY ELEMENTS (KOHA)
Suppress in OPAC 0
948 ## - LOCAL PROCESSING INFORMATION (OCLC); SERIES PART DESIGNATOR (RLIN)
c (OCLC) 04/03/1997
Holdings
Withdrawn status Lost status Source of classification or shelving scheme Damaged status Not for loan Home library Current library Shelving location Date acquired Total Checkouts Full call number Barcode Date last seen Copy number Price effective from Koha item type
    Dewey Decimal Classification     London London Journal article 14/09/1999   ABS38416 10409-1001 06/08/2019 1 06/08/2019 Law report